Jihomoravský kraj - obce nad 5 tisíc obyvatel - Statistics

General Stats
  • This quiz has been taken 636 times
  • The average score is 14 of 23
Answer Stats
Počet obyvatel Obec % Correct
376 929 Brno
100%
24 476 Břeclav
95%
33 353 Znojmo
93%
24 605 Hodonín
92%
20 618 Vyškov
88%
19 963 Blansko
86%
7 354 Mikulov
81%
6 567 Slavkov u Brna
69%
10 756 Kuřim
67%
11 285 Kyjov
67%
11 478 Boskovice
65%
9 579 Ivančice
63%
9 120 Tišnov
60%
6 579 Letovice
55%
5 844 Hustopeče
52%
11 167 Veselí nad Moravou
46%
5 732 Moravský Krumlov
45%
7 328 Šlapanice
45%
6 040 Rosice
44%
6 425 Bučovice
34%
5 541 Strážnice
30%
5 498 Rousínov
29%
6 357 Dubňany
13%
No matching quizzes found
Score Distribution
Percent of People with Each Score
Percentile by Number Answered
Your Score History
You have not taken this quiz